Manifestaciones esqueletales de las enfermedades parasitarias /

Desgraciadamente para el paleopatólogo, las enfermedades parasitarias constituyen unas entidades patológicas que producen muy escasas manifestaciones en el tejido esqueletal, siendo, además, la mayor parte de las mismas inespecíficas. Por otra parte, pocas de estas condiciones producen cambios en lo...

Full description

Bibliographic Details
Main Author: Rodríguez-Martín,Conrado
Format: Libro
Language:Spanish
Published: Arica Universidad de Tarapacá 2000
Subjects:
Online Access:Acceso electrónico al documento

MARC

LEADER 00000cam a2200000 a 4500
001 028651
003 UAHC_CL
005 20170803122955.0
008 020103s2000 cl 000 spa
040 |a UAHC_CL  |c UAHC_CL  |d UAHC_CL 
100 1 |a Rodríguez-Martín,Conrado 
245 1 0 |a Manifestaciones esqueletales de las enfermedades parasitarias /  |c Conrado Rodríguez-Martín. 
260 |a Arica  |b Universidad de Tarapacá  |c 2000 
520 |a Desgraciadamente para el paleopatólogo, las enfermedades parasitarias constituyen unas entidades patológicas que producen muy escasas manifestaciones en el tejido esqueletal, siendo, además, la mayor parte de las mismas inespecíficas. Por otra parte, pocas de estas condiciones producen cambios en los huesos, lo que hace aumentar aún más nuestro desconocimiento sobre su prevalencia en las poblaciones del pasado. Concretamente, y hasta el presente, en sólo dos de ellas se han observado dichos cambios: la equinococosis y la oisticercosis. De estas dos enfermedades hablaremos en el presente trabajo tratando de hacer un repaso de sus características más sobresalientes y de sus hitos epidemiológicos que tienen importancia desde un punto de vista ecológico 
650 4 |a PALEONTOLOGIA 
650 4 |a ARQUEOLOGIA 
650 4 |a ENFERMEDADES  |x INVESTIGACIONES 
856 |u http://www.scielo.cl/scielo.php?script=sci_arttext&pid=S0717-73562000000100019&lng=es&nrm=iso&tlng=es  |3 Acceso electrónico al documento  |y Acceso electrónico al documento 
900 |a CHUNGARA ARICA-01/00 
942 |c BK 
999 |c 28651  |d 28651